000 01820nam a22001577a 4500
041 _aukr
080 _a09
090 _bТКА
100 _aТкачик, Т. В.
245 _aСемантичний та ідеографічний аналіз слів одномовних і двомовних словників (на базі англійської мови)
260 _aОстрог
_bКАФ
_c2014
300 _a67
520 _aВступ. Розділ І. Лексикографія як галузь мовознавства. Поняття лексико-семантичної системи. 1.1. Лексикографія як галузь науки 1.2. Типологія словників 1.3. Особливості будови і призначення ідеографічних словників 1.4. Поняття лексико-семантичної системи 1.5. Будова словникової статті Розділ ІІ. Семантико-ідеографічний аналіз груп слів у словниках (на базі англійської мови). 2.1. Опис будови словникової статті в досліджуваних словниках 2.2. Семантичний та ідеографічний аналіз дієслів руху (лексико-семантичне поле переміщення) 2.3. Загальний огляд соматичної лексики у лінгвістиці 2.4. Семантичний та ідеографічний аналіз сенсонімічної лексики Висновки. Список використаної літератури. Додатки.
_0лексикографія, словник, лінгвістик
650 _aResearch Papers
999 _c285399
_d285399
942 _cBK